General knowledge för Petra #2 - Statistics

General Stats
  • This quiz has been taken 5 times
  • The average score is 15 of 20
Answer Stats
Hint Answer % Correct
Vem spelar huvudpersonen i Natt på museet-filmerna? Ben Stiller
100%
Från vilken stad kommer NBA-laget Nuggets ifrån? Denver
100%
Vilken kändis spelar Alex i filmen "Dunkirk"? Harry Styles
100%
I vilket land är "Bagdad" huvudstad? Irak
100%
Vilket stjärnteckens symbol liknas "69:an" visuellt? Kräfta
100%
Vad för djur är Mamma Mu:s "partner i crime"? Kråka
100%
I vilken stad är Emma Watson född? Paris
100%
Point Guard, Small forward, Power forward och Center, vilken position saknas? Shooting guard
100%
Vilket år grundades Uppsala Universitet? 1477
67%
Mellan vilka år var Daniel Helldén trafikborgarråd i Stockholm stad? 2014-2022
67%
Vad heter huvudpersonen i serien "Shadow and Bone"? Alina Starkov
67%
I "The walking dead", vilken stad reser Blair och Gina till för att hitta Ginas familj? Atlanta
67%
Vilken känd sångare har som födelsenamn "Peter Gene Hernandez"? Bruno Mars
67%
"Dreams", "Everywhere" "Go your own way" är låtar gjorda av..? Fleetwood Mac
67%
Vart kan man hitta en "boett" vanligtvis? Klocka
67%
Vad står "MPG" för i basketsammanhang? Minutes Per Game
67%
Från vilket land kommer Red Bull? Österrike
67%
Ryan Atwood och Julie Cooper är karaktärer i vilken TV-serie? The OC
67%
Fortsätt uttrycket "Komma undan med ....... ............" (komma ur en situation utan att lida skada.) Blotta förskräckelsen
33%
Vad heter paret i "The conjuring-filmerna"? Ed och Lorraine Warren
33%
No matching quizzes found
Score Distribution
Percent of People with Each Score
Percentile by Number Answered
Your Score History
You have not taken this quiz